000 00728nam a2200253Ia 4500
003 OSt
005 20221005023328.0
006 a|||||r|||| 00| 0
007 ta
008 221004b |||||||| |||| 00| 0 eng d
020 _a0807104787
024 _a48467
037 _cTextual
040 _aCRL
_cCRL
_beng
041 _2eng
_aeng
082 _aO111,3:g, L9
100 _aWaller G. F.
_957445
245 0 _aDreaming America
_b Obsession and transcendence in the fiction of Joyce Carol Oates.
260 _aBaton
_bRouge Louisiana State University Press
_c1979
300 _a224p.
_ccm.
650 _aENGLISH LITERATURE
942 _hO111,3:g, L9
_cTEXL
_2cc
999 _c931001
_d931001